BISCUIT'S BIG FRIEND (Record no. 264072)
[ view plain ]
| 000 -LEADER | |
|---|---|
| fixed length control field | 00219nam a22000977a 4500 |
| 020 ## - INTERNATIONAL STANDARD BOOK NUMBER | |
| ISBN | 0439762391 |
| 100 ## - MAIN ENTRY--AUTHOR NAME | |
| Personal name | ALYSSA SATIN CAPUCILLI |
| 245 ## - TITLE STATEMENT | |
| Title | BISCUIT'S BIG FRIEND |
| 260 ## - PUBLICATION, DISTRIBUTION, ETC. (IMPRINT) | |
| Place of publication | U.S.A |
| Name of publisher | SCHOLASTIC |
| Year of publication | 2003 |
| 942 ## - ADDED ENTRY ELEMENTS (KOHA) | |
| Koha item type | Long Loan Books |
No items available.
